MARC

LEADER 00000nam0a2200000 4500
001 683458
005 20251126131959.0
090 |a 683458 
100 |a 20251126d1977 k||y0rusy50 ca 
101 0 |a rus 
102 |a RU 
105 |a a z 001yy 
181 0 |a i   |b  e  
182 0 |a n 
183 0 |a nc  |2 RDAcarrier 
200 1 |a Математическое моделирование в социологии (методы и задачи)  |e [сборник статей]  |f отв. ред. Ф. М. Бородкин, Б. Г. Миркин  |g Институт экономики и организации промышленного производства СО АН СССР 
203 |a Текст  |b визуальный  |c непосредственный 
210 |a Новосибирск  |c Наука  |d 1977 
215 |a 240 с.  |c ил. 
283 |a volume  |2 RDAcarrier 
320 |a Литература в конце статей 
606 |a Экономическая социология  |9 50480 
610 1 |a имитационные игры 
610 1 |a имитационное моделирование 
610 1 |a миграция населения 
610 1 |a эксперименты 
686 |2 rubbk  |a С55.42 
702 1 |4 340  |a Бородкин  |b Ф. М. 
702 1 |4 340  |a Миркин  |b Б. Г. 
712 0 2 |a Академия наук СССР  |b Сибирское отделение  |b Институт экономики и организации промышленного производства  |c (Новосибирск)  |4 570  |9 25345 
801 0 |a RU  |b 63413507  |c 20251126 
830 |a Ретро2025Каталогизация Мотырева 
850 |a 63413507 
942 |c BK